Normal view
MARC view
Entry Personal Name
001 - CONTROL NUMBER
- control field: 262718
003 - CONTROL NUMBER IDENTIFIER
- control field: OSt
005 - DATE AND TIME OF LATEST TRANSACTION
- control field: 20260425102317.0
008 - FIXED-LENGTH DATA ELEMENTS
- fixed length control field: 260425|| aca||aabn | a|a d
040 ## - CATALOGING SOURCE
- Original cataloging agency: OSt
- Transcribing agency: OSt
100 ## - HEADING--PERSONAL NAME
- Personal name: SHILAHAR (K L).
- Dates associated with a name: ಶಿಲಾಹರ್ (ಕೆ ಎಲ್)
670 ## - SOURCE DATA FOUND
- Source citation: Work cat.: (OSt)91195: SHILAHAR (K L). ಶಿಲಾಹರ್ (ಕೆ ಎಲ್), Ramakshatriya mulashodha mattu samskrati sampradaya., 1984